| 000 | 01174nam a22002657a 4500 | ||
|---|---|---|---|
| 005 | 20170124103201.0 | ||
| 010 | _aA-969409 | ||
| 020 | _c500.00 | ||
| 035 | _aA-969409 | ||
| 037 | _bCen Lib/Ret | ||
| 040 |
_aDPL _bHN |
||
| 082 |
_a591.03 _bगांगुली |
||
| 100 |
_aगांगुली, गौरी _991925 |
||
| 245 |
_aसरल जंतु विज्ञान कोश / _cगौरी गांगुली [एवं] धमो के. बताणी |
||
| 246 |
_aSaral jantu vigyan kosh / _bby Gauri ganguli [evam] dhamo K. Butani |
||
| 260 |
_aनयी दिल्ली _bचिल्ड्रन बुक सदन _c1998 |
||
| 270 |
_bनयी दिल्ली _a236/2, महरौली _e110030 |
||
| 300 |
_a385पृ.: _c22सेमी(सजिल्द ) _bसचित्र |
||
| 650 |
_aजंतु विज्ञान _x _z _959924 |
||
| 650 |
_aजंतु विज्ञान--कोश _991926 |
||
| 650 |
_aZoology _991927 |
||
| 650 |
_aZoology - Dictionaries _991928 |
||
| 700 |
_aबताणी, धमो के. _961597 |
||
| 942 |
_2ddc _cHN _h591.03 _mगांगुली |
||
| 999 |
_c120681 _d120681 |
||